[Event "NIC Classic Prelim 2021"]
[Site "chess24.com INT"]
[Date "2021.04.24"]
[Round "1.1"]
[White "Radjabov, Teimour"]
[Black "Jones, Gawain C B"]
[Result "1-0"]
[WhiteTitle "GM"]
[BlackTitle "GM"]
[WhiteElo "2765"]
[BlackElo "2670"]
[WhiteFideId "13400924"]
[BlackFideId "409561"]
[EventDate "2021.04.24"]

1. Nf3 Nf6 2. g3 g6 3. Bg2 Bg7 4. c4 c5 5. Nc3 O-O 6. O-O Nc6 7. d3 d5 8. cxd5
Nxd5 9. Nxd5 Qxd5 10. Be3 Qd6 11. Rc1 Nd4 12. Nxd4 cxd4 13. Bd2 Be6 14. Qa4 a5
15. Qb5 Bxa2 16. Bxa5 Qe6 17. Bf3 Be5 18. Bc7 Bxc7 19. Rxc7 Qd6 20. Rd7 Qf6 21.
Rxb7 Be6 22. h4 Rac8 23. Qb4 Rfe8 24. Ra1 h5 25. Qd2 Bg4 26. Bxg4 hxg4 27. Rb5
Rc7 28. Rba5 Kg7 29. Ra6 e6 30. Ra8 Rec8 31. Rxc8 Rxc8 32. b4 Qe5 33. Qb2 Rb8
34. Qd2 Qd6 35. Qg5 Rxb4 36. h5 Qb8 37. Qxg4 e5 38. hxg6 fxg6 39. Qd7+ Kh6 40.
Ra7 Rb1+ 41. Kg2 Rb6 42. Qh3+ Kg5 43. Rf7 Qa8+ 44. f3 1-0

[Event "NIC Classic Prelim 2021"]
[Site "chess24.com INT"]
[Date "2021.04.24"]
[Round "1.2"]
[White "Tari, Aryan"]
[Black "Vidit, Santosh Gujrathi"]
[Result "1/2-1/2"]
[WhiteTitle "GM"]
[BlackTitle "GM"]
[WhiteElo "2639"]
[BlackElo "2726"]
[WhiteFideId "1510045"]
[BlackFideId "5029465"]
[EventDate "2021.04.24"]

1. e4 c5 2. Nf3 e6 3. d4 cxd4 4. Nxd4 Nf6 5. Nc3 Nc6 6. Qd3 d5 7. exd5 Nb4 8.
Qg3 Bc5 9. Bb5+ Kf8 10. a3 Nbxd5 11. Nde2 Bd7 12. Bxd7 Qxd7 13. O-O Rd8 14. b4
Bd6 15. Qf3 Be5 16. Bb2 Qc6 17. Rad1 Rc8 18. b5 Qc7 19. Nxd5 Nxd5 20. c4 Bxb2
21. cxd5 Bf6 22. Nf4 e5 23. d6 Qd7 24. Nh5 Bd8 25. Rfe1 Rc5 26. a4 f6 27. Ng3
Rc4 28. Rxe5 Qg4 29. Qxg4 Rxg4 30. Re4 Rxe4 31. Nxe4 Kf7 32. Nc5 b6 33. Nb7 f5
34. Re1 Bf6 35. d7 Be7 36. a5 bxa5 37. Nxa5 Bb4 38. Ra1 Bc3 39. Ra2 Rd8 40. Nc6
Rxd7 41. g3 Ke6 42. Ra3 Bf6 43. Ra6 Kd5 44. Nxa7 Rb7 45. b6 Kc5 46. Nc8 Rb8 47.
Ra2 Kc6 48. Rc2+ Kd7 49. Na7 Rxb6 50. Rd2+ Ke6 51. Nc8 Rc6 52. Na7 Rc5 53. Kg2
Be5 54. Rd8 Bc7 55. Rg8 Be5 56. Rd8 h6 57. h4 Bf6 58. Rb8 f4 59. Nb5 fxg3 60.
fxg3 Be5 61. Rb6+ Kd7 62. Kf3 Rc4 63. Ra6 Rb4 64. Na3 Rb3+ 65. Ke4 Bxg3 66. Nc4
Ke7 67. h5 Rb4 68. Kf3 Bc7 69. Rc6 Kd7 70. Rc5 Rb3+ 71. Kg4 Rg3+ 72. Kh4 Rg1 73.
Ne5+ Kc8 74. Ng6 Kb7 75. Rd5 Rh1+ 76. Kg4 Rg1+ 77. Kh4 Kc6 78. Ne7+ Kb6 79. Ng6
Bg3+ 80. Kh3 Be1 81. Rd1 Rg3+ 82. Kh4 Rg1+ 83. Kh3 Rg3+ 84. Kh4 Re3+ 85. Kg4 Bc3
86. Nf4 Kc5 87. Rd3 Rxd3 88. Nxd3+ Kd4 89. Nf4 Ke5 90. Ng6+ Ke4 91. Nh4 Bf6 92.
Nf5 Ke5 93. Nxg7 Bxg7 94. Kg3 Kf5 95. Kg2 Kg4 96. Kh1 Kxh5 97. Kg2 Kg4 98. Kh1
h5 99. Kg1 h4 100. Kh1 h3 101. Kg1 Kg3 102. Kh1 h2 1/2-1/2

[Event "NIC Classic Prelim 2021"]
[Site "chess24.com INT"]
[Date "2021.04.24"]
[Round "1.3"]
[White "Aronian, Levon"]
[Black "Dominguez Perez, Leinier"]
[Result "1/2-1/2"]
[WhiteTitle "GM"]
[BlackTitle "GM"]
[WhiteElo "2781"]
[BlackElo "2758"]
[WhiteFideId "13300474"]
[BlackFideId "3503240"]
[EventDate "2021.04.24"]

1. d4 d5 2. Nf3 Nf6 3. Bf4 e6 4. e3 c5 5. Nbd2 Qb6 6. Rb1 Bd6 7. dxc5 Qxc5 8. b4
Qc7 9. Bxd6 Qxd6 10. c4 O-O 11. Be2 a5 12. b5 b6 13. cxd5 exd5 14. O-O Nbd7 15.
Qa4 Bb7 16. Rfd1 Rac8 17. Bf1 Rfe8 18. Rbc1 Rxc1 19. Rxc1 Rc8 20. Rxc8+ Bxc8 21.
g3 Nc5 22. Qd4 Ne6 23. Qc3 Qc5 24. Qe5 Nd7 25. Qb2 Qd6 26. h4 h6 27. Nb3 Ndc5
28. Nbd4 Nxd4 29. Qxd4 Bd7 30. Bd3 Ne6 31. Qb2 Nc5 32. Qc3 Kf8 33. Nd4 Qf6 34.
Qc2 Ke7 35. Bf5 Be8 36. Bh3 g6 37. h5 Kd6 38. Qe2 Ne4 39. Bg2 Nc5 40. Bh3 Ne4
41. Kg2 Nc5 42. Qd1 Ne4 43. Qc2 Nc5 44. Bg4 Qe5 45. Qe2 Qe4+ 46. Kh2 Qe5 47. Qf3
Ke7 48. hxg6 fxg6 49. Bh3 h5 50. Qe2 Kd6 51. Bg2 Bd7 52. Qf3 h4 53. Kg1 hxg3 54.
fxg3 Ke7 55. Qxd5 Qxe3+ 56. Kh2 Qh6+ 57. Kg1 Qc1+ 58. Kh2 Qh6+ 59. Kg1 Qe3+ 60.
Kh2 Qh6+ 1/2-1/2

[Event "NIC Classic Prelim 2021"]
[Site "chess24.com INT"]
[Date "2021.04.24"]
[Round "1.4"]
[White "Christiansen, Johan-Sebastian"]
[Black "Le, Quang Liem"]
[Result "0-1"]
[WhiteTitle "GM"]
[BlackTitle "GM"]
[WhiteElo "2618"]
[BlackElo "2709"]
[WhiteFideId "1512668"]
[BlackFideId "12401137"]
[EventDate "2021.04.24"]

1. c4 e6 2. g3 d5 3. Bg2 dxc4 4. Qa4+ c6 5. Qxc4 b5 6. Qc2 Bb7 7. Nc3 a6 8. a4
Nd7 9. Nf3 Ngf6 10. O-O Rc8 11. d3 Be7 12. e4 O-O 13. h3 Qb6 14. Be3 c5 15. Qe2
Rfd8 16. g4 Bc6 17. Nh2 Qb7 18. g5 Ne8 19. b3 Ne5 20. Rfd1 Ng6 21. f4 c4 22.
bxc4 bxc4 23. d4 Bb4 24. Rab1 Qe7 25. Qb2 Bxc3 26. Qxc3 Nd6 27. Qc2 Qe8 28. Ra1
Rb8 29. Ng4 Rb3 30. a5 Nh4 31. Bh1 h5 32. gxh6 f5 33. Bf2 Rxh3 34. d5 Qh5 35.
Qe2 fxg4 36. Bxh4 Rxh4 37. Bg2 exd5 38. exd5 Re8 39. Qb2 Qxh6 40. dxc6 Nb5 41.
Qf2 Rf8 42. Rd7 Rxf4 43. Qg3 Qg5 44. Rd5 Qf6 45. Re1 Rh6 46. Rd7 Qg5 47. c7 Rf8
48. Qe3 Qh4 49. Rxg7+ Kxg7 50. Qe5+ Qf6 51. Qc5 Qd4+ 52. Qxd4+ Nxd4 53. Re7+ Kf6
54. Rd7 Ne2+ 55. Kf2 Ke6+ 0-1

[Event "NIC Classic Prelim 2021"]
[Site "chess24.com INT"]
[Date "2021.04.24"]
[Round "1.5"]
[White "Carlsen, Magnus"]
[Black "Karjakin, Sergey"]
[Result "1/2-1/2"]
[WhiteTitle "GM"]
[BlackTitle "GM"]
[WhiteElo "2847"]
[BlackElo "2757"]
[WhiteFideId "1503014"]
[BlackFideId "14109603"]
[EventDate "2021.04.24"]

1. e4 e5 2. Nf3 Nc6 3. Bb5 Nf6 4. d3 Bc5 5. c3 O-O 6. O-O d5 7. exd5 Qxd5 8. Bc4
Qd8 9. b4 Bd6 10. Nbd2 h6 11. Re1 Re8 12. Bb2 a6 13. a4 Be6 14. b5 Na5 15. Bxe6
Rxe6 16. c4 Qe7 17. Qc2 Nd7 18. Re2 Re8 19. Rae1 axb5 20. axb5 b6 21. d4 exd4
22. Rxe6 fxe6 23. Bxd4 Bb4 24. h3 Nb7 25. Re2 Bxd2 26. Rxd2 Nd6 27. Re2 Qf7 28.
Ne5 Nxe5 29. Bxe5 Qf5 30. Qc3 Re7 31. Kh2 Nb7 32. Qg3 Na5 33. Qc3 Rd7 34. c5 Rd3
35. Qc2 Rd5 36. cxb6 Qxc2 37. Rxc2 cxb6 38. Rc8+ Kh7 39. f4 g5 40. Rc7+ Kg8 41.
Rg7+ Kf8 42. Rg6 Nc4 43. Bc3 gxf4 44. Rxe6 Rxb5 45. Rxh6 Rf5 46. Rc6 b5 47. Rc7
f3 48. gxf3 Rxf3 49. Bd4 Rd3 50. Bf6 Rf3 51. Bd4 Rd3 52. Bc5+ Kg8 53. Rb7 Rb3
54. h4 Ne5 55. h5 Rd3 56. Kg2 Rd5 57. Be3 Nc4 58. Bf4 Rxh5 59. Kf3 Kf8 60. Ke4
Ke8 61. Rg7 Kf8 62. Rg5 Rxg5 63. Bxg5 b4 64. Kd4 b3 65. Bc1 b2 66. Bxb2 Nxb2 1/2-1/2

[Event "NIC Classic Prelim 2021"]
[Site "chess24.com INT"]
[Date "2021.04.24"]
[Round "2.1"]
[White "Jones, Gawain C B"]
[Black "Praggnanandhaa, R"]
[Result "1/2-1/2"]
[WhiteTitle "GM"]
[BlackTitle "GM"]
[WhiteElo "2670"]
[BlackElo "2608"]
[WhiteFideId "409561"]
[BlackFideId "25059530"]
[EventDate "2021.04.24"]

1. e4 c5 2. Nc3 Nc6 3. Bb5 Nd4 4. Nf3 e6 5. O-O a6 6. Bd3 Nc6 7. b3 d6 8. Bb2
Be7 9. Re1 Bf6 10. e5 Nxe5 11. Nxe5 Bxe5 12. Rxe5 dxe5 13. Qg4 Nf6 14. Qxg7 Rg8
15. Qh6 Bd7 16. Ne4 Nxe4 17. Bxe4 Qg5 18. Qxg5 Rxg5 19. h4 Rg8 20. Bxe5 Bc6 21.
Bxc6+ bxc6 22. d3 Ke7 23. Re1 f6 24. Bb2 c4 25. bxc4 Rab8 26. Bc3 Rb7 27. g3
Rgb8 28. Kg2 Rb1 29. Re2 Rc1 30. Kf3 h5 31. Ke4 c5 32. Kf4 Rbb1 33. Ke4 Rb8 34.
Ke3 Rbb1 35. Ke4 Kf7 36. Kf4 Ke7 37. Ke4 1/2-1/2

[Event "NIC Classic Prelim 2021"]
[Site "chess24.com INT"]
[Date "2021.04.24"]
[Round "2.5"]
[White "Le, Quang Liem"]
[Black "Carlsen, Magnus"]
[Result "0-1"]
[WhiteTitle "GM"]
[BlackTitle "GM"]
[WhiteElo "2709"]
[BlackElo "2847"]
[WhiteFideId "12401137"]
[BlackFideId "1503014"]
[EventDate "2021.04.24"]

1. d4 Nf6 2. Nf3 d5 3. c4 e6 4. Nc3 h6 5. g3 Bd6 6. Bg2 O-O 7. O-O Nc6 8. b3
dxc4 9. bxc4 e5 10. Nxe5 Nxe5 11. c5 Bxc5 12. dxe5 Qxd1 13. Rxd1 Ng4 14. Ne4 Bb6
15. a4 Bf5 16. e3 a5 17. Bb2 Rfe8 18. Nd2 Nxe5 19. Bxe5 Rxe5 20. Nc4 Rc5 21.
Bxb7 Rb8 22. Nxb6 cxb6 23. Ba6 Kf8 24. Rd4 Ra8 25. Bb5 Rac8 26. Kg2 Ke7 27. Rad1
Rc1 28. Rxc1 Rxc1 29. g4 Be6 30. h4 g5 31. hxg5 hxg5 32. f3 Rc5 33. Kg3 Rc3 34.
Re4 Kd6 35. f4 f6 36. Rd4+ Bd5 37. Kf2 Kc5 38. fxg5 Rc2+ 39. Kg3 fxg5 40. Rd1
Rg2+ 41. Kh3 Rf2 42. Rc1+ Kd6 43. Rc3 Ke5 44. Bc6 Be6 45. Kg3 Rb2 46. Bf3 Rb3
47. Rxb3 Bxb3 48. Bc6 Bd1 49. Kh3 Kd6 50. Bb5 Kc5 51. Kg3 Kb4 52. e4 Bxa4 0-1

[Event "NIC Classic Prelim 2021"]
[Site "chess24.com INT"]
[Date "2021.04.24"]
[Round "2.6"]
[White "Dominguez Perez, Leinier"]
[Black "Christiansen, Johan-Sebastian"]
[Result "1-0"]
[WhiteTitle "GM"]
[BlackTitle "GM"]
[WhiteElo "2758"]
[BlackElo "2618"]
[WhiteFideId "3503240"]
[BlackFideId "1512668"]
[EventDate "2021.04.24"]

1. e4 c5 2. Nf3 e6 3. d4 cxd4 4. Nxd4 Nf6 5. Nc3 Nc6 6. Ndb5 Bb4 7. a3 Bxc3+ 8.
Nxc3 d5 9. Bd3 d4 10. Ne2 e5 11. O-O O-O 12. h3 Re8 13. b4 a6 14. Bb2 Be6 15. f4
exf4 16. Qd2 f3 17. Rxf3 Ne5 18. Rg3 Nc4 19. Rxg7+ Kf8 20. Bxc4 Bxc4 21. Nxd4
Rxe4 22. Qh6 Ke8 23. Nf5 Re6 24. Bxf6 Qxf6 25. Rg8+ Kd7 26. Rd1+ Kc7 27. Qf4+
Kb6 28. Qf2+ Kc7 29. Rxa8 Be2 30. Re1 1-0

[Event "NIC Classic Prelim 2021"]
[Site "chess24.com INT"]
[Date "2021.04.24"]
[Round "2.7"]
[White "Vidit, Santosh Gujrathi"]
[Black "Aronian, Levon"]
[Result "1/2-1/2"]
[WhiteTitle "GM"]
[BlackTitle "GM"]
[WhiteElo "2726"]
[BlackElo "2781"]
[WhiteFideId "5029465"]
[BlackFideId "13300474"]
[EventDate "2021.04.24"]

1. d4 Nf6 2. c4 e6 3. Nf3 d5 4. g3 dxc4 5. Bg2 c5 6. O-O Nc6 7. dxc5 Qxd1 8.
Rxd1 Bxc5 9. Nfd2 Na5 10. Na3 Bxa3 11. bxa3 O-O 12. Bb2 Nd5 13. Rac1 b5 14. Ne4
Bb7 15. Nd6 Bc6 16. Bxd5 exd5 17. Bc3 Nb7 18. Nf5 Rfe8 19. Nxg7 Rxe2 20. Nf5 Re6
21. Nd4 Nc5 22. Bb4 Na4 23. Nxe6 fxe6 24. Rd4 e5 25. Rg4+ Kf7 26. Rh4 Kg8 27.
Rg4+ Kf7 28. Rh4 Kg8 29. Rg4+ 1/2-1/2

[Event "NIC Classic Prelim 2021"]
[Site "chess24.com INT"]
[Date "2021.04.24"]
[Round "2.8"]
[White "Radjabov, Teimour"]
[Black "Tari, Aryan"]
[Result "1-0"]
[WhiteTitle "GM"]
[BlackTitle "GM"]
[WhiteElo "2765"]
[BlackElo "2639"]
[WhiteFideId "13400924"]
[BlackFideId "1510045"]
[EventDate "2021.04.24"]

1. Nf3 d5 2. d4 Nf6 3. c4 e6 4. Nc3 c5 5. e3 cxd4 6. exd4 Nc6 7. cxd5 Nxd5 8.
Bd3 Be7 9. O-O O-O 10. Re1 Bd7 11. a3 Rc8 12. Bb1 Bf6 13. Qd3 g6 14. Ba2 Nce7
15. Ne5 Bc6 16. Ne4 Bg7 17. Bg5 f6 18. Nxc6 Rxc6 19. Bd2 b6 20. Nc3 Kh8 21. Re2
Nf5 22. Nxd5 exd5 23. Bb4 Rg8 24. Rae1 a5 25. Bc3 Rc7 26. Qb5 Rd7 27. Re6 Nd6
28. Qxd5 f5 29. Re7 Rxe7 30. Rxe7 Rf8 31. Re6 Ne4 32. Qxd8 Rxd8 33. Rxb6 Bxd4
34. Rb8 Rxb8 35. Bxd4+ Nf6 36. Bxf6# 1-0

[Event "NIC Classic Prelim 2021"]
[Site "chess24.com INT"]
[Date "2021.04.24"]
[Round "3.1"]
[White "Tari, Aryan"]
[Black "Jones, Gawain C B"]
[Result "1/2-1/2"]
[WhiteTitle "GM"]
[BlackTitle "GM"]
[WhiteElo "2639"]
[BlackElo "2670"]
[WhiteFideId "1510045"]
[BlackFideId "409561"]
[EventDate "2021.04.24"]

1. e4 c5 2. Nf3 d6 3. d4 cxd4 4. Nxd4 Nf6 5. Nc3 g6 6. Be3 Bg7 7. f3 Nc6 8. Qd2
O-O 9. O-O-O d5 10. exd5 Nxd5 11. Nxc6 bxc6 12. Bd4 Bxd4 13. Qxd4 Qa5 14. Nxd5
cxd5 15. Qxd5 Qc7 16. Qxa8 Bf5 17. Qxf8+ Kxf8 18. Bd3 Be6 19. Kb1 h5 20. Be4 Qb6
21. Rhf1 Qa5 22. b3 Qe5 23. h3 Kg7 24. Rfe1 Qc3 25. Re2 a5 26. Rd3 Qc5 27. a4 h4
28. Red2 Qb6 29. Kb2 Bc4 30. Rc3 Bf1 31. f4 Qf6 32. Rf2 Ba6 33. Rf3 Qd4 34. Re3
e6 35. Ka2 Bf1 36. Bf3 Qxf4 37. Re4 Qd2 38. Kb2 Qg5 39. Re1 Ba6 40. Rce3 Qc5 41.
Re5 Qd4+ 42. Kb1 Qc3 43. R5e3 Qd2 44. Re5 Qc3 45. R5e3 Qd2 46. Re5 Qc3 1/2-1/2

[Event "NIC Classic Prelim 2021"]
[Site "chess24.com INT"]
[Date "2021.04.24"]
[Round "3.2"]
[White "Aronian, Levon"]
[Black "Radjabov, Teimour"]
[Result "1/2-1/2"]
[WhiteTitle "GM"]
[BlackTitle "GM"]
[WhiteElo "2781"]
[BlackElo "2765"]
[WhiteFideId "13300474"]
[BlackFideId "13400924"]
[EventDate "2021.04.24"]

1. d4 Nf6 2. Nf3 e6 3. Bf4 b6 4. e3 Bb7 5. h3 c5 6. Nbd2 Nc6 7. c3 d5 8. Ne5 Bd6
9. Qa4 Bxe5 10. Bxe5 O-O 11. Bg3 Ne7 12. Be2 Nf5 13. Be5 Qe7 14. O-O Rfc8 15.
Rfd1 h6 16. Rac1 Nd7 17. Bh2 Nf6 18. Bd3 c4 19. Bb1 Bc6 20. Qc2 b5 21. Re1 b4
22. f3 bxc3 23. bxc3 Qa3 24. Qd1 Nd6 25. e4 Nb5 26. Qc2 Qf8 27. Qd1 Qa3 28. Qc2
Qf8 29. Qd1 Qa3 1/2-1/2

[Event "NIC Classic Prelim 2021"]
[Site "chess24.com INT"]
[Date "2021.04.24"]
[Round "3.3"]
[White "Christiansen, Johan-Sebastian"]
[Black "Vidit, Santosh Gujrathi"]
[Result "0-1"]
[WhiteTitle "GM"]
[BlackTitle "GM"]
[WhiteElo "2618"]
[BlackElo "2726"]
[WhiteFideId "1512668"]
[BlackFideId "5029465"]
[EventDate "2021.04.24"]

1. e4 c5 2. Nf3 e6 3. c3 d5 4. e5 d4 5. Bd3 Nc6 6. O-O Nge7 7. Re1 Ng6 8. Bxg6
hxg6 9. d3 dxc3 10. bxc3 b6 11. Na3 Bb7 12. Nc4 Be7 13. Bg5 O-O 14. Nd6 Rb8 15.
Nxb7 Rxb7 16. Qa4 Bxg5 17. Qxc6 Rc7 18. Qe4 Be7 19. Rad1 Qd5 20. Qe2 Rd8 21. h4
Rcd7 22. g4 b5 23. h5 b4 24. c4 Qc6 25. Kg2 a5 26. Kg3 gxh5 27. gxh5 a4 28. h6
gxh6 29. Rh1 Kh7 30. Rh3 Rg8+ 31. Kh2 Rg6 32. Qe3 Rd8 33. Rg1 Rdg8 34. Rg4 b3
35. axb3 axb3 36. Qf4 f5 37. Rg1 b2 38. Qd2 Qb7 39. Rb1 Bf8 40. Qe3 Rg2+ 41. Kh1
R2g4 42. Kh2 Qg7 43. Qe1 Rg2+ 44. Kh1 Qg4 45. Ng1 Rxg1+ 0-1

[Event "NIC Classic Prelim 2021"]
[Site "chess24.com INT"]
[Date "2021.04.24"]
[Round "3.4"]
[White "Carlsen, Magnus"]
[Black "Dominguez Perez, Leinier"]
[Result "1-0"]
[WhiteTitle "GM"]
[BlackTitle "GM"]
[WhiteElo "2847"]
[BlackElo "2758"]
[WhiteFideId "1503014"]
[BlackFideId "3503240"]
[EventDate "2021.04.24"]

1. e4 e5 2. Nf3 Nc6 3. Bc4 Bc5 4. c3 Nf6 5. d3 d6 6. O-O O-O 7. Re1 a5 8. Bg5 h6
9. Bh4 g5 10. Bg3 Ba7 11. Nbd2 Nh7 12. Nf1 h5 13. h4 g4 14. N3h2 Ne7 15. Qd2 Kg7
16. d4 Ng6 17. Rad1 Nxh4 18. dxe5 Ng6 19. exd6 h4 20. d7 Bxd7 21. Qxd7 Qxd7 22.
Rxd7 hxg3 23. Nxg3 Ne5 24. Rxc7 Rfc8 25. Rxc8 Rxc8 26. Be2 Nf6 27. Rd1 Kg6 28.
Nhf1 Kg5 29. Ne3 Bxe3 30. fxe3 Rc7 31. Kf2 Rd7 32. Rd4 Nc6 33. Rxd7 Nxd7 34. Nf5
Nce5 35. Nd6 b6 36. Bc4 Kf6 37. b4 Ke7 38. Nf5+ Kd8 39. Bd5 axb4 40. cxb4 Nd3+
41. Kg3 Nxb4 42. Bxf7 Ne5 43. Bb3 Kd7 44. Nh6 Kd6 45. Nxg4 Nbd3 46. Nxe5 Kxe5
47. Kh4 Nc5 48. Bd5 Kf6 49. g4 Nd7 50. Kh5 Ne5 51. g5+ Kg7 52. Bb3 b5 53. a3 Kh7
54. Bd1 Nc4 55. e5 Kg7 56. e6 Nxa3 57. e7 Kf7 58. g6+ Kxe7 59. g7 Kf7 60. Kh6 1-0

[Event "NIC Classic Prelim 2021"]
[Site "chess24.com INT"]
[Date "2021.04.24"]
[Round "3.8"]
[White "Praggnanandhaa, R"]
[Black "So, Wesley"]
[Result "0-1"]
[WhiteTitle "GM"]
[BlackTitle "GM"]
[WhiteElo "2608"]
[BlackElo "2770"]
[WhiteFideId "25059530"]
[BlackFideId "5202213"]
[EventDate "2021.04.24"]

1. d4 Nf6 2. c4 g6 3. Nc3 d5 4. cxd5 Nxd5 5. e4 Nxc3 6. bxc3 Bg7 7. Nf3 c5 8.
Be3 Qa5 9. Qd2 O-O 10. Rc1 Rd8 11. d5 e6 12. c4 Qxd2+ 13. Nxd2 Na6 14. a3 Bb2
15. Rb1 Bxa3 16. h4 f6 17. Be2 Bb4 18. O-O Nc7 19. h5 a5 20. Bf4 e5 21. Be3 g5
22. g3 a4 23. f4 a3 24. fxe5 a2 25. Ra1 Ra3 26. Kf2 fxe5 27. Bxg5 Rf8+ 28. Nf3
Bg4 29. Kg2 Bc3 30. Be7 Bxf3+ 31. Bxf3 Bxa1 32. Bxf8 Bd4 33. Bg4 a1=Q 34. Rxa1
Rxa1 35. d6 Ra2+ 36. Kh3 Bg1 37. Bd7 Ne8 38. Be7 Kf7 39. Bf5 Nf6 40. g4 Rd2 41.
g5 Nxh5 42. Bxh7 Nf4+ 43. Kg4 Ng6 44. Bf6 Rxd6 45. Kf5 Ne7+ 46. Bxe7 Kxe7 47. g6
Kf8 0-1

[Event "NIC Classic Prelim 2021"]
[Site "chess24.com INT"]
[Date "2021.04.24"]
[Round "4.2"]
[White "Mamedyarov, Shakhriyar"]
[Black "Praggnanandhaa, R"]
[Result "1/2-1/2"]
[WhiteTitle "GM"]
[BlackTitle "GM"]
[WhiteElo "2770"]
[BlackElo "2608"]
[WhiteFideId "13401319"]
[BlackFideId "25059530"]
[EventDate "2021.04.24"]

1. d4 Nf6 2. c4 e6 3. Nc3 Bb4 4. Nf3 b6 5. Qb3 c5 6. dxc5 Bxc5 7. g3 Bb7 8. Bg2
Nc6 9. O-O Na5 10. Qa4 Bc6 11. Qc2 Nxc4 12. Na4 Be7 13. Qxc4 b5 14. Qh4 bxa4 15.
Rd1 Qb6 16. Be3 Qb7 17. Rac1 O-O 18. Bd4 h6 19. g4 Qb5 20. g5 hxg5 21. Nxg5 Qf5
22. Bxc6 dxc6 23. Nf3 Nd5 24. Qg3 Bf6 25. Kf1 Rfd8 26. Bxf6 Nxf6 27. Qe5 Qh3+
28. Kg1 Qg4+ 29. Qg3 Qe4 30. Qe5 Qg4+ 31. Qg3 Qe4 32. Qe5 c5 33. Qxe4 Nxe4 34.
Rxd8+ Rxd8 35. Rc4 f5 36. Rxa4 g5 37. h3 Rd1+ 38. Kg2 Rb1 39. b3 Rb2 40. Kf1
Rb1+ 41. Kg2 Rb2 42. Kf1 Kg7 43. Rxa7+ Kf6 44. Ra5 Rb1+ 45. Kg2 Rb2 46. Kf1 Nc3
47. Ng1 Nxa2 48. Rxc5 Rxb3 49. Nf3 Rb6 50. Ne5 Rb1+ 51. Kg2 Rb2 52. e3 Nb4 53.
Rb5 Nd3 54. Rxb2 Nxb2 55. Nd7+ Ke7 56. Ne5 Kf6 57. Nd7+ Ke7 58. Ne5 Kf6 1/2-1/2

[Event "NIC Classic Prelim 2021"]
[Site "chess24.com INT"]
[Date "2021.04.24"]
[Round "4.6"]
[White "Vidit, Santosh Gujrathi"]
[Black "Carlsen, Magnus"]
[Result "1/2-1/2"]
[WhiteTitle "GM"]
[BlackTitle "GM"]
[WhiteElo "2726"]
[BlackElo "2847"]
[WhiteFideId "5029465"]
[BlackFideId "1503014"]
[EventDate "2021.04.24"]

1. d4 Nf6 2. c4 e6 3. Nc3 Bb4 4. Qc2 d5 5. cxd5 Qxd5 6. e3 c5 7. Bd2 Bxc3 8.
bxc3 b6 9. f3 Qc6 10. Qb3 Ba6 11. Bxa6 Nxa6 12. Ne2 O-O 13. e4 Rfc8 14. Kf2 Nb8
15. a4 Nbd7 16. Bf4 a6 17. Rab1 h6 18. Rhd1 Qb7 19. h4 cxd4 20. cxd4 Rc6 21.
Rdc1 Rac8 22. Qd3 Rxc1 23. Bxc1 Ne8 24. Bf4 Rc6 25. g4 Qc8 26. g5 hxg5 27. hxg5
Rc4 28. Qa3 Rc2 29. Rc1 Rxc1 30. Bxc1 Nf8 31. Qd3 Nd6 32. d5 Nc4 33. Be3 exd5
34. exd5 b5 35. axb5 axb5 36. Nd4 Qb8 37. f4 Ng6 38. Kg3 Qe8 39. Nf5 Ne7 40.
Nxe7+ Qxe7 41. Bf2 Nd6 42. Kf3 Qd7 43. Kg3 b4 44. Bc5 Qf5 45. Qxf5 Nxf5+ 46. Kf3
b3 47. Ba3 Nd6 48. Ke2 Nc4 49. d6 Nxd6 50. Kd3 Nf5 51. Kc4 Kh7 52. Kxb3 Nd4+ 53.
Kc4 Ne6 54. f5 Nxg5 55. Kd5 Nf3 56. Bc1 Ng1 57. Ke4 Ne2 58. Bd2 Ng3+ 59. Kf4
Nh5+ 60. Kg4 Nf6+ 61. Kf3 Kg8 62. Bc3 Nd5 63. Bb2 f6 64. Ba3 Kf7 65. Ke4 Nb6 66.
Bc5 Nd7 67. Bd6 Nb6 68. Bc5 Nc8 69. Ba3 Ne7 70. Bb4 Ke8 71. Ba3 g6 72. fxg6 Nxg6
73. Bb2 Ne5 74. Bxe5 fxe5 75. Kxe5 1/2-1/2

[Event "NIC Classic Prelim 2021"]
[Site "chess24.com INT"]
[Date "2021.04.24"]
[Round "4.7"]
[White "Radjabov, Teimour"]
[Black "Christiansen, Johan-Sebastian"]
[Result "1-0"]
[WhiteTitle "GM"]
[BlackTitle "GM"]
[WhiteElo "2765"]
[BlackElo "2618"]
[WhiteFideId "13400924"]
[BlackFideId "1512668"]
[EventDate "2021.04.24"]

1. Nf3 d5 2. d4 Bf5 3. c4 e6 4. Nc3 Nf6 5. Bg5 c6 6. Qb3 Qc7 7. e3 Nbd7 8. Bf4
Qb6 9. c5 Qxb3 10. axb3 a6 11. h3 Be7 12. b4 Rc8 13. Nd2 O-O 14. Nb3 Bd8 15. Na5
Bxa5 16. bxa5 Rfe8 17. g4 Be4 18. Nxe4 Nxe4 19. Bh2 e5 20. f3 exd4 21. fxe4 Rxe4
22. O-O-O dxe3 23. Bd3 Ra4 24. Bf5 Nxc5 25. Bxc8 d4 26. Kc2 Rc4+ 27. Kb1 d3 28.
Rhe1 Re4 29. Bf5 1-0

[Event "NIC Classic Prelim 2021"]
[Site "chess24.com INT"]
[Date "2021.04.24"]
[Round "4.8"]
[White "Tari, Aryan"]
[Black "Aronian, Levon"]
[Result "1/2-1/2"]
[WhiteTitle "GM"]
[BlackTitle "GM"]
[WhiteElo "2639"]
[BlackElo "2781"]
[WhiteFideId "1510045"]
[BlackFideId "13300474"]
[EventDate "2021.04.24"]

1. e4 e5 2. Nf3 Nc6 3. Nc3 Nf6 4. d4 exd4 5. Nxd4 Bb4 6. Nxc6 bxc6 7. Bd3 O-O 8.
O-O Re8 9. Bg5 Rb8 10. f4 h6 11. Bh4 Be7 12. Qf3 Rxb2 13. Bxf6 Bxf6 14. e5 Be7
15. Qe4 g6 16. f5 d5 17. Qf3 Rf8 18. f6 Bc5+ 19. Kh1 Rb4 20. Rae1 Qe8 21. a3 Rh4
22. h3 Qe6 23. Qg3 Rh5 24. Ne2 Rg5 25. Qh4 Rh5 26. Qg3 Rg5 27. Qh4 Rh5 28. Qg3 1/2-1/2

[Event "NIC Classic Prelim 2021"]
[Site "chess24.com INT"]
[Date "2021.04.24"]
[Round "5.1"]
[White "Aronian, Levon"]
[Black "Jones, Gawain C B"]
[Result "1-0"]
[WhiteTitle "GM"]
[BlackTitle "GM"]
[WhiteElo "2781"]
[BlackElo "2670"]
[WhiteFideId "13300474"]
[BlackFideId "409561"]
[EventDate "2021.04.24"]

1. d4 Nf6 2. Nf3 g6 3. Nc3 d5 4. Bf4 Bg7 5. e3 O-O 6. Nb5 Na6 7. h3 Ne4 8. c3 c6
9. Na3 Qb6 10. Qb3 f6 11. Be2 e5 12. Bh2 exd4 13. exd4 Re8 14. O-O Nd2 15. Qxb6
axb6 16. Rfe1 Bh6 17. Rad1 Ne4 18. Bd3 Be6 19. Nc2 Bf7 20. c4 Bf8 21. a3 Nd6 22.
Rxe8 Nxe8 23. Ne3 Nac7 24. Nd2 Rd8 25. cxd5 Nxd5 26. Ne4 Bh6 27. Nxd5 Bxd5 28.
Bc2 Kf8 29. Nc3 Bf7 30. d5 cxd5 31. g4 Bg7 32. Bf4 d4 33. Ne2 f5 34. gxf5 d3 35.
Rxd3 Rxd3 36. Bxd3 Bxb2 37. fxg6 hxg6 38. a4 Nf6 39. Bh6+ Ke7 40. Nf4 Bc1 41.
Bb5 Kd6 42. Bf8+ Kc7 43. Nd3 Bd2 44. Ne5 Be6 45. h4 Bf5 46. Nf7 Ne4 47. Bg7 Bc3
48. Bh6 Bf6 49. Bf4+ Kc8 50. h5 g5 51. Nd6+ Nxd6 52. Bxd6 Bg7 53. f4 Bh6 54.
fxg5 Bxg5 55. Bf8 Bd7 56. Kf2 Bxb5 57. axb5 Kd7 58. Kf3 Ke6 59. Ke4 Kf6 60. Bd6
Bd2 61. Bf4 Bb4 62. Be3 Bf8 63. Kd5 Kf5 64. h6 Kf6 65. Bd4+ Kg6 66. Bg7 Bc5 67.
Ke6 Be3 68. Kd7 Kf7 69. Kc7 Kg6 70. Kxb7 Kf7 71. Kc6 Kg6 72. Kd5 Kh7 73. Bf8 Kg8
74. Ke4 Bd2 75. Bg7 Kf7 76. Kd5 Be3 77. Kc6 Kg8 78. Kd5 Kf7 79. Ke5 Bd2 80. Ke4
Kg8 81. Kd5 Kf7 82. Kc6 Be3 83. Kb7 Kg8 84. Kc8 Kf7 85. Kd7 Kg6 86. Bf8 Bd4 87.
Kc6 Be3 88. Kd5 Bd2 89. Kc6 Be3 90. Kc7 Bf2 91. Kd7 Be3 92. Kc6 Bf2 93. Bd6 Kxh6
94. Bc7 Kg6 95. Bxb6 Be1 96. Bc7 Bf2 97. Bd6 Kf5 98. Bc5 Bg3 99. b6 Ke6 100. b7
Bh2 101. Bb6 Bb8 102. Bc7 Ba7 103. Kb5 Kd7 104. Ka6 1-0